Tentativas dramáticas / (Registro nro. 166907)

Detalles MARC
000 -LEADER
campo de control de longitud fija 00765nam a2200217 i 4500
001 - NÚMERO DE CONTROL
campo de control 166907
003 - IDENTIFICADOR DE NÚMERO DE CONTROL
campo de control ES-MaACL
005 - FECHA Y HORA DE LA ÚLTIMA TRANSACCIÓN
campo de control 20231223063114.0
008 - DATOS DE LONGITUD FIJA--INFORMACIÓN GENERAL
campo de control de longitud fija 960320s1879 sp |||| | spa d
080 ## - NÚMERO DE LA CLASIFICACIÓN DECIMAL UNIVERSAL
Número de la Clasificación Decimal Universal 821.134.2-2"18"
100 1# - ENTRADA PRINCIPAL--NOMBRE DE PERSONA
Nombre de persona Valera, Juan,
Fechas asociadas al nombre 1824-1905
9 (RLIN) 112638
245 10 - MENCIÓN DEL TÍTULO
Título Tentativas dramáticas /
Mención de responsabilidad, etc. Juan Valera.
260 ## - PUBLICACIÓN, DISTRIBUCIÓN, ETC.
Lugar de publicación, distribución, etc. Madrid ;
-- París :
Nombre del editor, distribuidor, etc. Biblioteca Perojo,
Fecha de publicación, distribución, etc. 1879.
300 ## - DESCRIPCIÓN FÍSICA
Extensión XVIII, 194 p. ;
Dimensiones 19 cm.
500 ## - NOTA GENERAL
Nota general Anteportada.
505 8# - NOTA DE CONTENIDO CON FORMATO
Nota de contenido con formato Contiene: La venganza de Atahualpa ; Lo mejor del tesoro ; Asclepigenia
530 ## - NOTA DISPONIBLE DE FORMULARIO FÍSICO ADICIONAL
Nota de formato físico adicional disponible Disponible en formato digital.
852 4# - LOCALIZACIÓN
Ubicación ES-MaACL
Número de control de estantería D-3000
Nota libre - Enc. hol.
856 4# - LOCALIZACIÓN Y ACCESO ELECTRÓNICOS
Identificador Uniforme de Recursos <a href="http://bdh-rd.bne.es/viewer.vm?id=0000144383&page=1 ">http://bdh-rd.bne.es/viewer.vm?id=0000144383&page=1 </a>
Nota pública Biblioteca Digital Hispánica
Existencias
Estatus retirado Estado de pérdida Estado de daño No para préstamo Colección Biblioteca de origen Biblioteca actual Ubicación en estantería Fecha de adquisición Fuente de adquisición Total de préstamos Signatura topográfica completa Código de barras Visto por última vez Precio de reemplazo Tipo de ítem Koha
        Colección digital Biblioteca del Ateneo de Madrid Biblioteca del Ateneo de Madrid Sala Valle Inclán 17/01/2008     D-3000 901175080 23/02/2023 23/02/2023 Libro impreso antiguo